Revision of the species of Acropsilus Mik (Diptera, Dolichopodidae) from China

Bibliographic Details
Main Authors: Wang, Mengqing (Author), Grootaert, Patrick (Author), Yang, Ding (Author)
Format: Article
Language:English

MARC

LEADER 00000nab a2200000uu 4500
001 vtls011438347
003 SK-MaSNL
005 20260303122949.0
008 230213|2007 xo |||||||||||||||||eng|
015 |a SNBRB 
035 |a (urnnbn)urn:nbn:sk:snk:ar-002qcx 
035 |a (uuid)f363bb00-05af-4257-be2f-2d4fcd5c203b 
035 |a urn:nbn:sk:snk-abcdaq 
040 |a SNKBUCL  |b slo  |c SNKBUCL  |e AACR2 
041 0 |a eng 
044 |a xo  |c SK 
100 1 |a Wang, Mengqing  |4 aut  |9 1138437 
245 1 0 |a Revision of the species of Acropsilus Mik (Diptera, Dolichopodidae) from China  |c Mengqing Wang, Ding Yang, Patrick Grootaert 
700 1 |a Grootaert, Patrick  |4 aut  |9 1138301 
700 1 |a Yang, Ding  |4 aut  |9 1138087 
773 0 |t Biologia : journal of the Slovak Academy of Sciences  |g Roč. 62, č. 1 (2007), s. [88]-94 
954 |a odborná, vedecká literatúra cudzojazyčná (svetová)  |2 lita 
958 |a OND 
958 |a EUIPO 
958 |a article16 
999 |c 1922721  |d 1924651